Tres aspectos de la cultura

Saved in:
Bibliografiske detaljer
Hovedforfatter: Pro, Diego F (Author)
Format: Bog
Sprog:spansk
Udgivet: Mendoza D'Accurzio 1942
Fag:
Tags: Tilføj Tag
Ingen Tags, Vær først til at tagge denne postø!

MARC

LEADER 00000nam a2200000 a 4500
001 UCM2534
003 CL-VaPUC
008 020607e19420000AG |||||||||||||||||spa|d
082 0 4 |a 306  |b PRO  |2 21 
100 0 |a Pro, Diego F  |e author  |9 333642 
245 1 0 |a Tres aspectos de la cultura 
300 |a 91 p 
942 |c BK 
945 |d 20020607 00:00:00  |a cmena 
260 |a Mendoza  |b D'Accurzio  |c 1942 
650 0 |a Antropología cultural   |9 269905 
650 0 |a Desarrollo cultural  |9 267526 
650 0 |a Filosofía del arte  |9 264951 
583 |a last modification  |c 20020607 00:00:00  |k Rodrigo Vera 
999 |c 300368  |d 300366 
952 |0 0  |1 0  |4 0  |6 306_000000000000000_PRO_1942  |7 0  |8 P  |9 358043  |a BIBEDU  |b BIBEDU  |c BIBEDU_PB  |d 2019-11-21  |i 3762270  |o 306 PRO 1942  |p 3762270  |r 2024-01-25  |w 2019-11-21  |y BK  |k FIL